MARC

LEADER 00000nam0a2200000 4500
001 281707
005 20231101235428.0
035 |a (RuTPU)RU\TPU\book\305550 
090 |a 281707 
100 |a 20150126d1984 k y0rusy50 ca 
101 0 |a rus 
102 |a RU 
105 |a a z 001zy 
200 1 |a Тепломассоперенос при контактном плавлении (применительно к условиям теплового бурения)  |f В. К. Чистяков [и др.] 
210 |a Казань  |c Изд-во Казанского ун-та  |d 1984 
215 |a 176 с.  |c ил. 
300 |a Авт. указаны на обороте тит. л. 
320 |a Библиогр.: с. 164-174 
606 |a Бурение тепловое  |x Математические исследования  |2 stltpush  |3 (RuTPU)RU\TPU\subj\30391  |9 53507 
610 1 |a контактное плавление 
610 1 |a тепломассоперенос 
610 1 |a математическое моделирование 
610 1 |a расчеты 
610 1 |a ледниковые покровы 
610 1 |a горные породы 
610 1 |a термогидродинамика 
610 1 |a критериальные уравнения 
675 |a 622.243.94  |v 3 
701 1 |a Чистяков  |b В. К. 
701 1 |a Саламитин  |b А. Н. 
701 1 |a Фомин  |b С. А. 
701 1 |a Чугунов  |b В. А. 
801 1 |a RU  |b 63413507  |c 20150126 
801 2 |a RU  |b 63413507  |c 20170714  |g RCR 
942 |c BK